000
00306nam a22001217a 4500
020
_a
9788189304546
082
_a
551.9
_b
DAS/LA
100
_a
Das, Brijraj Krishna
245
_a
Lakes: water and sediment Geochemistry
260
_a
Delhi
_b
Satish Serial Publishing House
_c
2008
300
_a
216
942
_c
BK
999
_c
13698
_d
13698